Changes in Corporate Logistics in the Slovak Wood Processing Industry
Hlavným cieľom príspevku je analyzovať zmeny podnikovej logistiky v slovenskom drevospracujúcom priemysle na základe analýzy teoretických východísk danej problematiky a vykonania prieskumu v slovenských drevospracujúcich podnikoch. Logistika v drevospracujúcom priemysle podlieha v dôsledku štvrtej p...
Salvato in:
| Autore principale: | |
|---|---|
| Natura: | Capitolo di libro |
| Lingua: | inglese |
| Soggetti: | |
| Tags: |
Nessun Tag, puoi essere il primo ad aggiungerne!!
|
MARC
| LEADER | 00000naa$a2200000$$$4500 | ||
|---|---|---|---|
| 001 | 0269080 | ||
| 005 | 20240521095956.1 | ||
| 041 | 0 | |a eng | |
| 044 | |a HR | ||
| 245 | 1 | 0 | |a Changes in Corporate Logistics in the Slovak Wood Processing Industry |c Klaudia Gubová |
| 520 | |a Hlavným cieľom príspevku je analyzovať zmeny podnikovej logistiky v slovenskom drevospracujúcom priemysle na základe analýzy teoretických východísk danej problematiky a vykonania prieskumu v slovenských drevospracujúcich podnikoch. Logistika v drevospracujúcom priemysle podlieha v dôsledku štvrtej priemyselnej revolúcie mnohým trendom a zmenám. | ||
| 610 | 2 | 0 | |a digitalizácia |
| 610 | 2 | 0 | |a logistika podniková |
| 610 | 2 | 0 | |a priemysel drevársky |
| 610 | 2 | 0 | |a revolúcia priemyselná |
| 610 | 2 | 0 | |a produkcia |
| 100 | 1 | |a Gubová, Klaudia, 1986- | |